1329 1800 1999 1252 1836 1600 1429 1144 1388 1533 1350 1210 1335 1040 1914 1280 1313 1606 1925 1395 1413 1532 1973 1049 2000 1426 1132 1917 1522 1893 1237 1678 1253 1861 1142 1938 1252 1397 1145 1585 1029 1494 1648 1630 1367 1606 1696 1153 1568 1126 1271 1266 1534 1748 1109 1825 1343 1301 1729 1160 1454 1699 1050 1098 1868 1330 1290 1662 1259 1504 1742 1508 1648 1075 1740 1471 1002 1343 1023 1672 1668 1028 1598 1782 1099 1225 1615 1925 1542 1639 1235 1475 1281 1291 1260 1194 1965 1886 1914 BCNSPRNW ULIB Ver.6.0+V

เปลี่ยนเป็นภาษาไทย

Change to English
 แสดงรายละเอียดบรรณานุกรม
  กลับหน้าหลัก

Brief Record : Get Marc (ISO 2709) : E-mail record : QR code < ปิดหน้าต่าง
LEADER : 00000nam 2200000uu 4500
001    13399122866
003     ULIB
008    131022s2555||||th 000 0 tha d
020    ^a9786162132216
050  4 ^aDS520^bก271ซ
100    ^aกฤชกร เพชรนอก
245    ^aเซอลามัต...อินโดนีเซีย/^cกฤชกร เพชรนอก
250    ^aพิมพ์ครั้งที่ 2
260    ^aกรุงเทพฯ :^bสกายบุ๊กส์,^c2555
300    ^a72 หน้า
440  0 ^aชุด ประชาคมอาเซียนฉบับการ์ตูน
650  7 ^aอาเซียน^xเสริมความรู้
650  7 ^aอินโดนีเซีย
945    ^p119^l0^i034086
999    ^aเกษร โพธิ์สุวรรณ
รายการนี้ยังไม่มีแท็ก
คุณยังไม่ได้ล็อกอิน คุณสามารถมีกิจกรรมร่วมกับเว็บไซต์ได้ แต่ต้องล็อกอินก่อน ::
  ล็อกอิน

รายการสื่อสารสนเทศ

ลำดับที่ ประเภท เลขเรียก/บาร์โค้ด สถานที่ สถานะ
1. การศึกษาทั่วไป
หนังสือสำรอง
สถานะ=หนังสือสำรอง
DS520 ก271ซ ฉ.1 
  Barcode: 034086
ห้องสมุดวิทยาเขตสวรรค์ประชารักษ์
►หนังสือทั่วไป
บนชั้น

รายการใกล้เคียง
    ผู้แต่ง [กฤชกร เพชรนอก]

    หัวเรื่อง [อินโดนีเซีย]

BibComment


ยังไม่เคยถูกคอมเมนท์

คอมเมนท์ทรัพยากรรายการนี้
  คอมเมนท์: เซอลามัตอินโดนีเ..


 Copyright 2026. Bcnsprnw @Library